Personnalités francophones par initiales - J - Statistiques

Statistiques générales
  • Ce quiz a été pris 98 fois
  • Le résultat moyen est 13 sur 22
Statistiques - réponses
Indice Réponse % Correct
JL Ancien présentateur de Questions pour un champion Julien Lepers
88%
JH L'idole des jeunes Johnny Hallyday
84%
JC Interprète de Ma préférence et Mélissa Julien Clerc
80%
JB Actrice dans Les Bronzés et Gazon maudit Josiane Balasko
76%
JV Acteur de La Soupe aux choux et du Dîner de cons Jacques Villeret
75%
JF Interprète de La montagne Jean Ferrat
71%
JS Comédienne, son fils Michel est chanteur Jackie Sardou
70%
JJ Homme politique et rédacteur en chef de l'Humanité, il meurt assassiné en 1914 Jean Jaurès
70%
JG Acteur dans Le Quai des brumes et La Traversée de Paris Jean Gabin
65%
JP Interprète de Ève lève-toi Julie Pietri
64%
JA Écrivain et dramaturge qui a écrit la pièce Antigone Jean Anouilh
63%
JM Il a joué Fantomas et la Bête Jean Marais
61%
JR Dramaturge classique, il a écrit Andromaque et Phèdre Jean Racine
61%
JT Réalisateur de Jour de fête et de Les Vacances de monsieur Hulot Jacques Tati
54%
JD Il retourne sa veste, toujours du bon côté Jacques Dutronc
49%
JY Acteur, chanteur et humoriste surnommé "L'enfant terrible" Jean Yanne
45%
JK Aventurier et auteur du roman Le Lion Joseph Kessel
40%
JQ Interprète de Mise au point et de Vivre ailleurs Jakie Quartz
36%
JO Auteur et académicien, il a écrit La Gloire de l'Empire Jean d'Ormesson
36%
JZ Ministre de l'éducation et résistant entré au Panthéon en 2015 Jean Zay
24%
JW Réalisateur et acteur qui a joué dans Le Malin Plaisir et Cyrano de Bergerac Jacques Weber
20%
JU Chanteuse du groupe Zouk Machine, elle a représenté la France à l'Eurovision en 1990 Joëlle Ursull
20%
Aucun quiz correspondant
Distribution des résultats
% des personnes avec chaque résultat
Percentile par nombre de réponses
Votre historique - résultats
Vous n’avez pas pris ce quiz